00551nam a2200133Ia 4500008004100000100002500041245007000066245013200136260005300268260000900321300001100330650001500341856006100356170221s9999 xx 000 0 und d aNatalya А. Knyazeva aPsychological and Managerial Problems of Modern Higher Education  cNatalya А. Knyazeva, Aleksandr G. Gryaznukhin, Pavel A. Kislyakov, Vladimir I. Esaulov, Yulia I. Kekteeva, Zinaida V. Polivara bInternational Review of Management and Marketing c2016 a6 : 1S xMarketing. uhttp://www.econjournals.com/index.php/irmm/issue/view/70